书目信息 |
| 题名: |
中医教您防治高血压
|
|
| 作者: | 胡元会 编著 | |
| 分册: | ||
| 出版信息: | 北京 人民军医出版社 2005 |
|
| 页数: | 146页 | |
| 开本: | 20cm | |
| 丛书名: | 中华中医药学会系列科谱读物 | |
| 单 册: | ||
| 中图分类: | R259.441 | |
| 科图分类: | ||
| 主题词: | 高血压病--Gao Xue Ya Bing--中医治疗法 | |
| 电子资源: | ||
| ISBN: | 7-80194-843-2 | |
| 000 | 01195nam0 2200265 450 | |
| 001 | CAL 012005151330 | |
| 005 | 20061123153905.81 | |
| 010 | @a7-80194-843-2@dCNY 10.00 | |
| 099 | @aCAL 012005151330 | |
| 100 | @a20051229d2005 ekmy0chia0121 ea | |
| 101 | 1 | @achi |
| 102 | @aCN@b110000 | |
| 200 | 1 | @a中医教您防治高血压@AZhong Yi Jiao Nin Fang Zhi Gao Xue Ya@f胡元会编 |
| 210 | @a北京@c人民军医出版社@d2005 | |
| 215 | @a146页@c图@d20cm | |
| 225 | 2 | @a中华中医药学会系列科谱读物@AZhong Hua Zhong Yi Yao Xue Hui Xi Lie Ke Pu Du Wu |
| 225 | 2 | @a中医教您一招丛书@AZhong Yi Jiao Nin Yi Zhao Cong Shu |
| 330 | @a本书简要介绍了高血压病的基本概念、调节因素、中医学对高血压的认识,介绍了高血压病的种类、病因、分类与分期、临床表现、诊断标准、鉴别诊断与各种检查方法,高血压病与心、脑、肾疾病、糖尿病等,以及高血压病的西医治疗、中医治疗、预防等。 | |
| 410 | 0 | @12001 @a中医教您一招丛书@AZhong Yi Jiao Nin Yi Zhao Cong Shu |
| 410 | 0 | @12001 @a中华中医药学会系列科谱读物@AZhong Hua Zhong Yi Yao Xue Hui Xi Lie Ke Pu Du Wu |
| 606 | 0 | @a高血压病@AGao Xue Ya Bing@x中医治疗法 |
| 690 | @aR259.441@v4 | |
| 701 | 0 | @a胡元会@AHu Yuan Hui@4编著 |
| 801 | @aCN@c20061123 | |
| 905 | @apdsgxy@dR259.441@eH522 | |
| 中医教您防治高血压/胡元会编.-北京:人民军医出版社,2005 |
| 146页:图;20cm.-(中华中医药学会系列科谱读物).-(中医教您一招丛书) |
| ISBN 7-80194-843-2:CNY 10.00 |
| 本书简要介绍了高血压病的基本概念、调节因素、中医学对高血压的认识,介绍了高血压病的种类、病因、分类与分期、临床表现、诊断标准、鉴别诊断与各种检查方法,高血压病与心、脑、肾疾病、糖尿病等,以及高血压病的西医治疗、中医治疗、预防等。 |
| ● |
| 相关链接 |
|
|
|
正题名:中医教您防治高血压
索取号:R259.441/H522
 
预约/预借
| 序号 | 登录号 | 条形码 | 馆藏地/架位号 | 状态 | 备注 |
| 1 | 614061 | 206140610 | 自科库401/401自科库 11排4列3层/ [索取号:R259.441/H522] | 在馆 | |
| 2 | 614062 | 206140629 | 自科库401/401自科库 10排3列3层/ [索取号:R259.441/H522] | 在馆 |